Razón, ética y política: el conflicto de las sociedades modernas

Enregistré dans:
Détails bibliographiques
Auteurs principaux: Palacios, X (Auteur), Jarauta Marión, Francisco (Auteur)
Format: Livre
Langue:espagnol
Publié: Barcelona Anthropos 1989
Collection:Pensamiento Crítico. Pensamiento Utópico, 37
Sujets:
Tags: Ajouter un tag
Pas de tags, Soyez le premier à ajouter un tag!

MARC

LEADER 00000nam a2200000 a 4500
001 UCX3860
003 CL-VaPUC
005 20250507090234.0
008 920114e19890000sp 1 spa d
082 0 4 |a 301  |b PAL  |2 21 
100 1 |a Palacios, X  |e author  |9 616839 
700 |a Jarauta Marión, Francisco  |e author  |9 616840 
245 1 0 |a Razón, ética y política: el conflicto de las sociedades modernas 
260 |a Barcelona  |b Anthropos  |c 1989 
300 |a 221 p 
490 0 |a Pensamiento Crítico. Pensamiento Utópico, 37 
583 |a last modification  |c 19920114 00:00:00  |k Rodrigo Vera 
650 0 7 |a SOCIEDAD ASPECTOS MORALES Y ETICOS  |2 CL-VaPUC  |9 319653 
650 0 0 |a Congresos  |9 257560 
650 0 7 |a SOCIEDAD ASPECTOS POLITICOS  |2 CL-VaPUC  |9 616841 
650 0 0 |a Religión y sociología  |9 312467 
942 |c BK 
945 |d 19920114 00:00:00 
546 |a En Español 
536 |a Administración de la Comunidad Autónoma de Euskadi 
518 |p Congreso Mundial Vasco, 2, Bilbao, 1987 
518 |p Congreso de Filosofía, Etica y Religión, Donostia-San Sebastián, 1987 
999 |c 382143  |d 382141 
952 |0 0  |1 0  |4 0  |6 301_000000000000000_PAL_1989  |7 0  |8 A  |9 503694  |a BIBTEO  |b BIBTEO  |d 2020-01-23  |i 2899477  |o 301 PAL 1989  |p 2899477  |r 2025-01-17  |w 2020-01-23  |y BK  |k ICR 
952 |0 0  |1 0  |4 0  |6 301_000000000000000_PAL_1989  |7 0  |8 A  |9 503695  |a BIBTEO  |b BIBTEO  |d 2020-01-23  |i 2096552  |o 301 PAL 1989  |p 2096552  |r 2025-01-17  |w 2020-01-23  |y BK  |k ICR